Best LaLiga Transfers 2019-2020 - Statistics

General Stats
  • This quiz has been taken 87 times
  • The average score is 24 of 51
Answer Stats
From To Fee Player % Correct
Atletico Madrid Barcelona 120M Antoine Griezmann
100%
Ajax Barcelona 75M Frenkie de Jong
100%
PSV Sevilla 12,5M Luuk de Jong
100%
Benfica Atletico Madrid 126M Joao Felix
99%
Chelsea Real Madrid 100M Eden Hazard
97%
Frankfurt Real Madrid 60M Luka Jovic
95%
FC Porto Real Madrid 50M Eder Militao
83%
Santos Real Madrid 45M Rodrygo
79%
Lyon Real Madrid 48M Ferland Mendy
78%
Lyon Real Betis 19,7M Nabil Fekir
69%
Barcelona Valencia 35M Jasper Cillessen
68%
Real Madrid Atletico Madrid 30M Marcos Llorente
68%
Valencia Barcelona 26M Neto
66%
Spurs Atletico Madrid 20M Kieran Trippier
65%
Espanyol Atletico Madrid 25M Mario Hermoso
52%
PSG Real Madrid LOAN+2M Alphonse Areola
51%
Barcelona Celta de Vigo 12,9M Denis Suarez
51%
Bordeaux Sevilla 25M Jules Kounde
49%
Espanyol Real Betis 28M Borja Iglesias
48%
FC Porto Atletico Madrid 22M Felipe
48%
Real Betis Barcelona 18M Junior Firpo
48%
Athletico PR Atletico Madrid 20M Renan Lodi
43%
Nantes Sevilla 15M Diego Carlos
42%
Real Madrid Sevilla LOAN Sergio Reguilon
42%
Real Madrid Sociedad LOAN Martin Odegaard
39%
Dortmund Sociedad 6,5M Alexander Isak
38%
Marseille Sevilla 15M Lucas Ocampos
36%
Barcelona Celta de Vigo LOAN+1,5M Rafinha
36%
Liverpool Villarreal FREE Alberto Moreno
35%
Girona Sociedad 10M Portu
34%
Valencia Celta de Vigo FREE Santi Mina
34%
Man City Valencia FREE Eliaquim Mangala
32%
FC Porto Atletico Madrid FREE Hector Herrera
32%
Celta de Vigo Valencia 14,5M Maxi Gomez
32%
Napoli Villarreal 5M Raul Albiol
32%
Eibar Sevilla 14M Joan Jordan
30%
Galatasaray Sevilla 4,5M Fernando
27%
Chelsea Getafe LOAN Kenedy
27%
Arsenal Sociedad 250k Nacho Monreal
27%
Monaco Sevilla 25M Rony Lopes
27%
West Ham Sevilla 7,7M Javier Hernandez
26%
Salzburg Sevilla 17M Munas Dabbur
26%
Newcastle Alaves 2,2M Joselu
25%
West Ham Alaves 2,3M Lucas Perez
25%
FC Porto Sevilla 12M Olivier Torres
25%
Fenerbahce Granada FREE Roberto Soldado
21%
Sarsfield Espanyol 10,5M Matias Vargas
18%
Fulham Villarreal LOAN Andre Zambo Anguissa
17%
Sevilla Alaves LOAN Aleix Vidal
16%
Guangzhou Sevilla FREE Nemanja Gudelj
14%
Ajax Alaves LOAN Lisandro Magallan
9%
No matching quizzes found
Score Distribution
Percent of People with Each Score
Percentile by Number Answered
Your Score History
You have not taken this quiz